[Event "Hessen-chB"]
[Site "Marburg"]
[Date "2017.??.??"]
[Round "4"]
[White "Raghavan, Badrinarayanan"]
[Black "Robinson, Jack"]
[Result "0-1"]
[WhiteElo "1320"]
[BlackElo "1638"]
[PlyCount "112"]
[EventDate "2017.05.24"]
[EventType "swiss"]
[EventRounds "7"]
[EventCountry "GER"]
[SourceTitle "EXT 2018"]
[Source "ChessBase"]
[SourceDate "2017.10.13"]
[SourceVersion "1"]
[SourceVersionDate "2017.10.13"]
[SourceQuality "1"]

1. d4 Nf6 2. Bf4 d5 3. e3 Bf5 4. Nf3 e6 5. Nbd2 h6 6. c4 c5 7. Bxb8 Rxb8 8. cxd5 exd5 9. Qa4+ Bd7 10. Qxa7 Bd6 11. dxc5 Bc7 12. Qa3 0-0 13. Bd3 Ne4 14. Nxe4 dxe4 15. Bxe4 Re8 16. Bd5 Bg4 17. Qb3 Ba5+ 18. Ke2 Qd7 19. Rhd1 Bxf3+ 20. Bxf3 Qc7 21. h3 Qxc5 22. Rd7 Qf5 23. Rxb7 Rxb7 24. Bxb7 Rb8 25. Qd5 Qc2+ 26. Kf3 Qxb2 27. Qxa5 Qxa1 28. Bd5 Qf6+ 29. Kg3 Qe5+ 30. Kg4 Qg5+ 31. Kf3 Rd8 32. e4 Qf6+ 33. Ke3 Qd6 34. a4 Rb8 35. g3 Qa3+ 36. Kf4 Qc1+ 37. Kf3 Qh1+ 38. Kg4 Qd1+ 39. f3 h5+ 40. Kxh5 Qxf3+ 41. Kh4 Qf6+ 42. Kg4 Rb6 43. h4 Ra6 44. Qb5 Rb6 45. Qe8+ Kh7 46. Bxf7 g6 47. Qg8+ Kh6 48. Qf8+ Qg7 49. Qc5 Rf6 50. Be8 Rf8 51. Bc6 Qf7 52. Qe3+ Kh7 53. Qc5 Qf3+ 54. Kh3 Qf1+ 55. Kg4 Qe2+ 56. Kg5 Qh5# 0-1

[Event "Hessen-chB"]
[Site "Marburg"]
[Date "2017.??.??"]
[Round "1"]
[White "Robinson, Jack"]
[Black "John, Volkmar"]
[Result "0-1"]
[WhiteElo "1638"]
[BlackElo "1818"]
[PlyCount "72"]
[EventDate "2017.05.24"]
[EventType "swiss"]
[EventRounds "7"]
[EventCountry "GER"]
[SourceTitle "EXT 2018"]
[Source "ChessBase"]
[SourceDate "2017.10.13"]
[SourceVersion "1"]
[SourceVersionDate "2017.10.13"]
[SourceQuality "1"]

1. d4 d5 2. c4 e6 3. Nc3 Nf6 4. cxd5 exd5 5. Bg5 Be7 6. e3 c6 7. Qc2 Nh5 8. Bxe7 Qxe7 9. Be2 Nf6 10. Nf3 Bg4 11. h3 Bh5 12. 0-0 Nbd7 13. Rfe1 0-0 14. Rab1 a5 15. a4 Bg6 16. Bd3 Bxd3 17. Qxd3 Ne4 18. Nd2 f5 19. Ne2 Qh4 20. Rf1 g5 21. f3 Nd6 22. Qa3 Rf6 23. b4 b5 24. bxa5 Rxa5 25. Qc3 Ra6 26. axb5 cxb5 27. Qb4 Re6 28. e4 g4 29. Ra1 Rxa1 30. Rxa1 gxh3 31. g3 Qg5 32. Kh2 Qe3 33. Ra8+ Kf7 34. Nf4 Qf2+ 35. Kh1 Qxg3 36. Rd8 Re7 0-1

[Event "Hessen-ch op-B"]
[Site "Floersheim"]
[Date "2016.05.07"]
[Round "5"]
[White "Robinson, Jack"]
[Black "Poetsch, Leonore"]
[Result "0-1"]
[WhiteElo "1468"]
[BlackElo "1829"]
[PlyCount "60"]
[EventDate "2016.05.05"]
[EventType "swiss"]
[EventRounds "7"]
[EventCountry "GER"]
[SourceTitle "EXT 2022"]
[Source "ChessBase"]
[SourceDate "2021.10.06"]
[SourceVersion "1"]
[SourceVersionDate "2021.10.06"]
[SourceQuality "1"]

1. d4 e6 2. c4 Nf6 3. Nf3 d5 4. Nc3 Bb4 5. cxd5 Nxd5 6. Qb3 0-0 7. a3 Bd6 8. e4 Nxc3 9. bxc3 c5 10. Bd3 Nc6 11. 0-0 e5 12. d5 Na5 13. Qa2 Bd7 14. a4 a6 15. Be3 b5 16. c4 b4 17. Nd2 Qf6 18. Nb3 Nxb3 19. Qxb3 Qg6 20. Rfe1 Rac8 21. a5 Be7 22. Bc2 Bg5 23. Qb2 Bh3 24. g3 h5 25. Bd3 h4 26. Rad1 hxg3 27. hxg3 Bf4 28. Bf1 Bg4 29. Rd3 Qh5 30. gxf4 Bf3 0-1

[Event "Hofheim Spring op-B 4th"]
[Site "Hofheim"]
[Date "2016.04.01"]
[Round "6"]
[White "Rothermel, Tim"]
[Black "Robinson, Jack"]
[Result "0-1"]
[WhiteElo "1798"]
[BlackElo "1468"]
[PlyCount "76"]
[EventDate "2016.03.30"]
[EventType "swiss"]
[EventRounds "9"]
[EventCountry "GER"]
[SourceTitle "EXT 2018"]
[Source "ChessBase"]
[SourceDate "2017.10.13"]
[SourceVersion "1"]
[SourceVersionDate "2017.10.13"]
[SourceQuality "1"]

1. e4 c5 2. Nf3 e6 3. c4 Nc6 4. Nc3 a6 5. Be2 Qc7 6. 0-0 g6 7. d4 cxd4 8. Nxd4 Bg7 9. Be3 Nge7 10. f4 d6 11. Qd2 0-0 12. Rad1 Rd8 13. Nf3 b6 14. Kh1 Bb7 15. Na4 Nc8 16. f5 Ne5 17. Nxe5 Bxe5 18. f6 Bxe4 19. Bd4 Bxd4 20. Qxd4 Qc6 21. Qe3 Bxg2+ 22. Kg1 Bxf1 23. Rxf1 Qe8 24. Qh6 Qf8 25. Qh4 h5 26. Qe4 Ra7 27. Rf2 d5 28. Qe3 Kh7 29. Rg2 Qh6 30. Rg5 Nd6 31. Qe5 Ne4 32. h4 Nxg5 33. hxg5 Qf8 34. Qh2 Qd6 35. Qh4 dxc4 36. Bxh5 gxh5 37. Qxh5+ Kg8 38. g6 Qd1+ 0-1

[Event "Rhein Main op-B 15th"]
[Site "Bad Homburg"]
[Date "2012.06.08"]
[Round "4"]
[White "Robinson, Jack"]
[Black "Zilch, Lothar"]
[Result "0-1"]
[WhiteElo "1411"]
[BlackElo "1967"]
[PlyCount "120"]
[EventDate "2012.06.06"]
[EventType "swiss"]
[EventRounds "7"]
[EventCountry "GER"]
[SourceTitle "EXT 2013"]
[Source "ChessBase"]
[SourceDate "2012.11.22"]
[SourceVersion "1"]
[SourceVersionDate "2012.11.22"]
[SourceQuality "1"]

1. d4 Nf6 2. c4 d6 3. Nc3 e5 4. dxe5 dxe5 5. Qxd8+ Kxd8 6. Bg5 c6 7. Nf3 Nbd7 8. g3 Kc7 9. Bg2 Bb4 10. 0-0 Bxc3 11. bxc3 Ne4 12. Bd2 Nxd2 13. Nxd2 Nc5 14. f4 exf4 15. Rxf4 Be6 16. Nb3 Nxb3 17. axb3 a5 18. e3 Rhe8 19. Kf2 f6 20. h4 Bf7 21. Bh3 Bg6 22. Rd4 Red8 23. Rxd8 Rxd8 24. Rxa5 Be4 25. Ke2 Bc2 26. b4 Bd3+ 27. Ke1 Bxc4 28. Bf1 Bxf1 29. Kxf1 Rd3 30. Ke2 Rxc3 31. Ra8 Rc2+ 32. Kf3 Rd2 33. Rh8 h6 34. Rg8 Rd7 35. Ke4 Re7+ 36. Kf5 Kb6 37. Kg6 Rxe3 38. Rxg7 Rxg3+ 39. Kxh6 Rxg7 40. Kxg7 f5 41. h5 f4 42. h6 f3 43. h7 f2 44. h8Q f1Q 45. Qd8+ Ka7 46. Qd4+ Ka6 47. Qc5 Qb5 48. Qd6 Qd5 49. Qe7 Kb6 50. Qe3+ Kb5 51. Qe7 b6 52. Qh4 Qe5+ 53. Kg6 Qd6+ 54. Kf5 Qxb4 55. Qd8 Qc4 56. Ke5 Qd5+ 57. Qxd5+ cxd5 58. Kxd5 Kb4 59. Kd4 b5 60. Kd3 Kb3 0-1